| 000 | 00737nam a2200217 u 4500 | ||
|---|---|---|---|
| 005 | 20210223131347.0 | ||
| 008 | 100812s2009 mx r 000 0 spa d | ||
| 020 | _a9786074210422 | ||
| 035 | _aUPN01000177318 | ||
| 049 | _aCG | ||
| 050 | 4 |
_aDR240.5 V5.5 _bM2.2 |
|
| 100 | 1 |
_aMärtin, Ralf-Peter, _d1951- |
|
| 245 | 1 | 0 |
_aDrácula : _bVlad Tepes, el empalador, y sus antepasados / _cRalf-Peter Märtin ; tr. Gustavo Dessal. |
| 260 |
_aMéxico : _bTusquets, _c2009. |
||
| 300 |
_a223 p. : _bil. |
||
| 440 | 0 |
_aAndanzas ; _v185 |
|
| 534 |
_pTítulo original: _tDracula : das leben des fürsten Vlad Tepes |
||
| 600 | 0 | 4 |
_aVLAD _bIII, _cPRINCIPE DE VALAQUIA, _d1430 ó 31-1476 ó 7 _918373 |
| 651 | 4 |
_aVALAQUIA - _xHISTORIA |
|
| 905 | _aLibro | ||
| 999 |
_c149421 _d149421 |
||